| 000 | 00759nam a2200193 i 4500 | ||
|---|---|---|---|
| 001 | 163831 | ||
| 003 | ES-MaACL | ||
| 005 | 20251012063058.0 | ||
| 008 | 950206s1898 sp |||| | spa d | ||
| 040 | _aAS | ||
| 100 | 1 |
_aRodríguez-Solís, Enrique, _d1844-1925 _9143714 |
|
| 245 | 1 | 3 |
_aEl alcalde de Móstoles _b: narración histórica / _c[E. Rodríguez Solis]. |
| 260 |
_aMadrid : _bOficinas de "La Última Moda, _c1898. |
||
| 300 |
_a39 p. : _bil. ; _c19 cm. |
||
| 594 | _aAutor tomado de fin de texto. | ||
| 600 | 1 | 7 |
_aTorrejón, Andrés, _dn. 1736 _2 _9164577 |
| 852 |
_aES-MaACL _jFol-Laf-386 _z-- Rúst. _z-- Legado de Modesto de La Fuente _x-- Edic.: añadir T440 (Glorias de España: lecturas patrióticas; 3) |
||
| 999 |
_c163831 _d163831 |
||